[Event "TUR-ch (Women)"]
[Site "Gaziantep"]
[Date "2024.03.09"]
[Round "9"]
[White "Karabas, Beren Nisa"]
[Black "Ersoz, Nehir"]
[Result "0-1"]
[WhiteElo "1517"]
[BlackElo "1676"]
[PlyCount "168"]
[EventDate "2024.03.03"]
[EventType "swiss"]
[EventRounds "9"]
[EventCountry "TUR"]
[SourceTitle "CB11_2024"]
[SourceDate "2024.03.13"]
[SourceVersion "1"]
[SourceVersionDate "2024.03.13"]
[SourceQuality "1"]

1. e4 e5 2. Nf3 Nc6 3. Bc4 Bc5 4. c3 Nf6 5. d4 exd4 6. e5 d5 7. Bb5 Ne4 8. cxd4 Bb4+ 9. Nbd2 Bxd2+ 10. Bxd2 Bd7 11. Bxc6 Bxc6 12. Bb4 a5 13. Bd2 a4 14. 0-0 0-0 15. Qc2 Qe7 16. Rac1 Rfe8 17. Rfe1 Rac8 18. Be3 f6 19. exf6 Qxf6 20. Qd3 Bd7 21. Ne5 Bf5 22. Qb5 Be6 23. Qxb7 c5 24. Qb5 c4 25. Qxa4 Ra8 26. Qc2 Rxa2 27. Ra1 Rxa1 28. Rxa1 Bf5 29. Qa4 Rb8 30. Qa7 Rf8 31. Ra6 Qd8 32. Nc6 Qd7 33. Ne7+ Kh8 34. Qxd7 Bxd7 35. Nxd5 Rb8 36. h3 h6 37. Ne7 Rxb2 38. Ng6+ Kg8 39. Ra8+ Kf7 40. Ne5+ Ke7 41. Nxc4 Rb1+ 42. Kh2 Nf6 43. Ne5 Be6 44. Ra7+ Kf8 45. Ng6+ Kg8 46. Ra8+ Kf7 47. Ne5+ Ke7 48. Bf4 Nd5 49. Ra7+ Kf6 50. Bg3 Rd1 51. Bh4+ g5 52. Bg3 h5 53. Nf3 g4 54. Be5+ Kf5 55. hxg4+ hxg4 56. Ng1 Rd2 57. Rg7 Rxf2 58. Kg3 Rf1 59. Ne2 Ke4 60. Rg6 Bf5 61. Rc6 Ke3 62. Nc1 Be4 63. Kxg4 Bxg2 64. Nb3 Bf3+ 65. Kg5 Rg1+ 66. Kh4 Rh1+ 67. Kg3 Rg1+ 68. Kh4 Rg4+ 69. Kh3 Rg1 70. Bh2 Rh1 71. Re6+ Kf2 72. Kh4 Rxh2+ 73. Kg5 Rh5+ 74. Kg6 Nf4+ 75. Kf6 Nxe6 76. Kxe6 Bd5+ 77. Kf6 Bxb3 78. d5 Rxd5 79. Ke7 Kf3 80. Ke8 Kf4 81. Ke7 Kf5 82. Kf8 Kf6 83. Kg8 Rh5+ 84. Kf8 Rh8# 0-1

[Event "TUR-ch (Women)"]
[Site "Gaziantep"]
[Date "2024.03.07"]
[Round "7"]
[White "Cankaya, Azra"]
[Black "Ersoz, Nehir"]
[Result "1/2-1/2"]
[WhiteElo "1500"]
[BlackElo "1676"]
[PlyCount "96"]
[EventDate "2024.03.03"]
[EventType "swiss"]
[EventRounds "9"]
[EventCountry "TUR"]
[SourceTitle "CB11_2024"]
[SourceDate "2024.03.13"]
[SourceVersion "1"]
[SourceVersionDate "2024.03.13"]
[SourceQuality "1"]

1. e4 e5 2. Nf3 Nc6 3. Bc4 Bc5 4. 0-0 Nf6 5. d4 Bxd4 6. Nxd4 Nxd4 7. f4 d6 8. fxe5 dxe5 9. Bg5 Be6 10. Na3 Qe7 11. c3 Bxc4 12. Bxf6 Ne2+ 13. Kh1 gxf6 14. Nxc4 Nf4 15. g3 Ng6 16. Ne3 Qc5 17. Nd5 0-0-0 18. Qg4+ Kb8 19. Nxf6 Qc6 20. Rad1 Rxd1 21. Qxd1 h5 22. h4 Qe6 23. Qd7 Qc4 24. Qf5 a6 25. Rf2 Qd3 26. Rf3 Qe2 27. Rf2 Qe1+ 28. Kg2 Ka8 29. Rf1 Qd2+ 30. Rf2 Qd6 31. Nd5 c6 32. Nb6+ Kb8 33. Qxf7 Ne7 34. Nc4 Qc7 35. Qg7 Rg8 36. Rf8+ Rxf8 37. Qxf8+ Ka7 38. Qg7 Qd7 39. Qxe5 Qg4 40. Qc5+ Kb8 41. Qe3 Ng6 42. Kh2 Kc7 43. Qb6+ Kc8 44. Qe3 b5 45. Nd6+ Kd7 46. Nf5 Ne5 47. Qd4+ Kc8 48. Ne7+ Kb7 1/2-1/2

[Event "TUR-ch (Women)"]
[Site "Gaziantep"]
[Date "2024.03.06"]
[Round "5"]
[White "Cemali, Seda"]
[Black "Ersoz, Nehir"]
[Result "1/2-1/2"]
[WhiteElo "1534"]
[BlackElo "1676"]
[PlyCount "100"]
[EventDate "2024.03.03"]
[EventType "swiss"]
[EventRounds "9"]
[EventCountry "TUR"]
[SourceTitle "CB11_2024"]
[SourceDate "2024.03.13"]
[SourceVersion "1"]
[SourceVersionDate "2024.03.13"]
[SourceQuality "1"]

1. e4 c5 2. Nf3 g6 3. c3 Bg7 4. d4 cxd4 5. cxd4 d6 6. h3 Nf6 7. Nc3 a6 8. Be3 0-0 9. Be2 b5 10. 0-0 b4 11. e5 dxe5 12. dxe5 bxc3 13. exf6 Bxf6 14. Bh6 Qxd1 15. Raxd1 Re8 16. bxc3 Bxc3 17. Rd3 Bg7 18. Bxg7 Kxg7 19. Rc1 Bf5 20. Ra3 e5 21. Rc7 Kf6 22. g4 Be4 23. g5+ Kg7 24. Re3 Bd5 25. Rxe5 Rd8 26. a3 a5 27. Ree7 Nc6 28. Red7 Rxd7 29. Rxd7 Bxf3 30. Bxf3 Ne5 31. Bxa8 Nxd7 32. Kg2 Nb6 33. Bc6 a4 34. Kf3 Nc4 35. Bxa4 Nxa3 36. Kf4 Nc4 37. Bb3 Nd6 38. Ke5 Nf5 39. f4 h6 40. Bc2 Ne3 41. Bb3 hxg5 42. fxg5 Nf5 43. Bc2 Ne7 44. Be4 Nc8 45. Bd5 Nb6 46. Bb3 Nd7+ 47. Kd6 Nf8 48. Ke7 Nh7 49. Bxf7 Nxg5 50. Bxg6 Nxh3 1/2-1/2

[Event "TUR-ch (Women)"]
[Site "Gaziantep"]
[Date "2024.03.05"]
[Round "4"]
[White "Ersoz, Nehir"]
[Black "Tanriver, Nur Sima"]
[Result "1/2-1/2"]
[WhiteElo "1676"]
[BlackElo "1581"]
[PlyCount "98"]
[EventDate "2024.03.03"]
[EventType "swiss"]
[EventRounds "9"]
[EventCountry "TUR"]
[SourceTitle "CB11_2024"]
[SourceDate "2024.03.13"]
[SourceVersion "1"]
[SourceVersionDate "2024.03.13"]
[SourceQuality "1"]

1. e4 c5 2. d3 Nc6 3. Nf3 e5 4. g3 Nf6 5. Bg2 d5 6. Nbd2 dxe4 7. dxe4 h6 8. 0-0 Be6 9. Re1 Qc7 10. Nf1 Rd8 11. Qe2 Nd4 12. Nxd4 cxd4 13. b3 Bb4 14. Bd2 Bxd2 15. Qxd2 0-0 16. Rac1 b5 17. f4 Qc3 18. Qxc3 dxc3 19. f5 Bc8 20. b4 Bb7 21. Re3 Rd4 22. Rxc3 Rxb4 23. Rc5 a6 24. Rxe5 Bxe4 25. c3 Ra4 26. Bxe4 Nxe4 27. c4 Ng5 28. Re2 Rxc4 29. Rxc4 bxc4 30. Rc2 Rc8 31. Nd2 c3 32. h4 Rd8 33. Rxc3 Nh3+ 34. Kh2 Rxd2+ 35. Kxh3 Rxa2 36. Rc8+ Kh7 37. Rf8 f6 38. h5 a5 39. Ra8 a4 40. Kg4 a3 41. Kf3 Ra1 42. Kf4 a2 43. Kg4 g5 44. hxg6+ Kg7 45. Ra7+ Kg8 46. Ra8+ Kg7 47. Ra7+ Kh8 48. Ra8+ Kg7 49. Ra7+ Kg8 1/2-1/2

[Event "TUR-ch (Women)"]
[Site "Gaziantep"]
[Date "2024.03.04"]
[Round "2"]
[White "Ersoz, Nehir"]
[Black "Tirpan, Ceren"]
[Result "0-1"]
[WhiteElo "1676"]
[BlackElo "1954"]
[PlyCount "96"]
[EventDate "2024.03.03"]
[EventType "swiss"]
[EventRounds "9"]
[EventCountry "TUR"]
[SourceTitle "CB11_2024"]
[SourceDate "2024.03.13"]
[SourceVersion "1"]
[SourceVersionDate "2024.03.13"]
[SourceQuality "1"]

1. Nf3 c5 2. d3 Nc6 3. Nbd2 g6 4. g3 Bg7 5. Bg2 e5 6. e4 Nge7 7. 0-0 0-0 8. Re1 d6 9. c3 h6 10. h4 Be6 11. Nf1 Qd7 12. Be3 f5 13. Qd2 Kh7 14. N1h2 Rad8 15. Red1 b6 16. Bh3 d5 17. Qc2 Rf7 18. h5 fxe4 19. hxg6+ Nxg6 20. Bxe6 Qxe6 21. dxe4 d4 22. Bd2 Qh3 23. cxd4 Nxd4 24. Nxd4 exd4 25. Rf1 h5 26. Qb3 Rdf8 27. f4 h4 28. f5 Ne5 29. Bf4 c4 30. Qc2 hxg3 31. Nf3 Nxf3+ 32. Rxf3 d3 33. Qg2 Bd4+ 34. Be3 Qxg2+ 35. Kxg2 Bxb2 36. Rh1+ Kg8 37. Bh6 Rh7 38. Rxg3+ Kf7 39. Kf3 Rfh8 40. Rb1 c3 41. Be3 Rh3 42. e5 Rxg3+ 43. Kxg3 d2 44. Bxd2 cxd2 45. Rd1 Bxe5+ 46. Kf3 Bc3 47. Ke4 Re8+ 48. Kd3 Re1 0-1

[Event "TUR-ch (Women)"]
[Site "Gaziantep"]
[Date "2024.03.04"]
[Round "3"]
[White "Kukurt, Ipek"]
[Black "Ersoz, Nehir"]
[Result "0-1"]
[WhiteElo "1430"]
[BlackElo "1676"]
[PlyCount "138"]
[EventDate "2024.03.03"]
[EventType "swiss"]
[EventRounds "9"]
[EventCountry "TUR"]
[SourceTitle "CB11_2024"]
[SourceDate "2024.03.13"]
[SourceVersion "1"]
[SourceVersionDate "2024.03.13"]
[SourceQuality "1"]

1. d4 d5 2. c4 e5 3. dxe5 d4 4. Nf3 Nc6 5. a3 Be6 6. e3 dxe3 7. Qxd8+ Rxd8 8. Bxe3 Bg4 9. Nbd2 Nge7 10. h3 Bxf3 11. Nxf3 Ng6 12. e6 fxe6 13. Be2 Be7 14. 0-0 Bf6 15. Rab1 0-0 16. Bg5 Nd4 17. Nxd4 Rxd4 18. Bxf6 Rxf6 19. Rfd1 Nf4 20. Bf1 e5 21. Re1 Ng6 22. Rbd1 c5 23. b4 b6 24. Rb1 a6 25. bxc5 bxc5 26. Rb8+ Rf8 27. Rxf8+ Kxf8 28. Rb1 Nf4 29. g3 Nd3 30. Rb6 e4 31. Rxa6 Rxc4 32. Rd6 Rc1 33. f3 Ke7 34. Rd5 Nb2 35. Re5+ Kf6 36. Rxe4 Rc3 37. Rf4+ Ke6 38. a4 g5 39. Rf8 Nxa4 40. Rh8 Rxf3 41. Kg2 Rf5 42. Rxh7 Nc3 43. Ba6 Rf6 44. Rc7 Ne4 45. Rc6+ Ke5 46. Rxf6 Nxf6 47. Kf3 Kf5 48. Ke3 Nd5+ 49. Kf3 Nb6 50. Bd3+ Kf6 51. Kg4 Nd7 52. Bc2 Ne5+ 53. Kh5 c4 54. h4 g4 55. Kh6 c3 56. Kh7 Nf3 57. h5 Nd4 58. Kg8 Kg5 59. h6 Kxh6 60. Kh8 Nxc2 61. Kg8 Ne3 62. Kf8 c2 63. Ke7 c1Q 64. Kd6 Qd2+ 65. Kc6 Qd5+ 66. Kc7 Qe6 67. Kb7 Nd5 68. Kb8 Qb6+ 69. Ka8 Nc7# 0-1

[Event "TUR-ch (Women)"]
[Site "Izmir"]
[Date "2023.10.18"]
[Round "4"]
[White "Ulus, Ekin"]
[Black "Ersoz, Nehir"]
[Result "0-1"]
[WhiteElo "1488"]
[BlackElo "1336"]
[PlyCount "128"]
[EventDate "2023.10.16"]
[EventType "tourn"]
[EventRounds "9"]
[EventCountry "TUR"]
[SourceTitle "Mega2024 Update 01"]
[Source "Chessbase"]
[SourceDate "2023.11.12"]
[SourceVersion "1"]
[SourceVersionDate "2023.11.12"]
[SourceQuality "1"]

1. e4 c5 2. Nf3 g6 3. d4 cxd4 4. Nxd4 Bg7 5. c4 d6 6. Nc3 Nf6 7. Be2 Nbd7 8. Be3 a6 9. Qd2 Qc7 10. 0-0 0-0 11. Rac1 Ne5 12. Nd5 Qd8 13. Nxf6+ Bxf6 14. Bh6 Bg7 15. Bxg7 Kxg7 16. f4 Nc6 17. Kh1 Bd7 18. f5 Qa5 19. Rc3 Nxd4 20. Qxd4+ Qe5 21. Qd2 Bc6 22. Rh3 Rh8 23. Qh6+ Kg8 24. fxg6 hxg6 25. Qxh8+ Qxh8 26. Rxh8+ Kxh8 27. Rxf7 Bxe4 28. Rxe7 Bc6 29. Bf3 Rf8 30. Kg1 Bxf3 31. gxf3 Rc8 32. Rxb7 Rxc4 33. Rb6 d5 34. Rxg6 Rc1+ 35. Kg2 Rc2+ 36. Kg3 a5 37. Ra6 Rxb2 38. Rxa5 d4 39. Rd5 Rb4 40. Kf4 Ra4 41. a3 Kg7 42. Ke4 d3+ 43. Ke3 Rxa3 44. Rxd3 Ra1 45. Kf4 Rg1 46. Rd5 Kf6 47. Rd6+ Kf7 48. Kf5 Rh1 49. Rh6 Kg7 50. Rh5 Ra1 51. h4 Ra5+ 52. Kg4 Ra4+ 53. f4 Kg6 54. Rg5+ Kf6 55. Rb5 Ra6 56. Rh5 Ra3 57. Rh6+ Kg7 58. Rb6 Ra5 59. f5 Ra1 60. Rg6+ Kf7 61. Kg5 Rg1+ 62. Kh6 Rf1 63. Kg5 Rg1+ 64. Kh6 Rf1 0-1